|
|
|
|
| LEADER |
00000nam2a2200000 4500 |
| 001 |
686458 |
| 005 |
20260508113540.0 |
| 090 |
|
|
|a 686458
|
| 100 |
|
|
|a 20260508d1978 km|y0rusy50 ca
|
| 101 |
0 |
|
|a rus
|
| 102 |
|
|
|a RU
|
| 105 |
|
|
|a afc z 000yy
|
| 181 |
|
0 |
|a i
|b e
|
| 182 |
|
0 |
|a n
|
| 183 |
|
0 |
|a nc
|2 RDAcarrier
|
| 200 |
0 |
|
|a Кн. 1
|
| 203 |
|
|
|a Текст
|b визуальный
|c непосредственный
|
| 210 |
|
|
|d 1978
|
| 215 |
|
|
|a 335 с., [20] с. ил.
|
| 283 |
|
|
|a volume
|2 RDAcarrier
|
| 461 |
|
1 |
|0 686456
|9 686456
|a Голинков Давид Львович
|t Крушение антисоветского подполья в СССР
|o [в 2 кн.]
|f Д. Л. Голинков
|e 2-е изд., испр. и доп.
|c Москва
|n Политиздат
|d 1978
|v Кн. 1
|
| 606 |
|
|
|a Классовая борьба в СССР
|x История
|z октябрь 1917-1939
|9 82354
|
| 610 |
1 |
|
|a советская власть
|
| 610 |
1 |
|
|a антисоветское подполье
|
| 610 |
1 |
|
|a Россия
|
| 610 |
1 |
|
|a контрреволюция
|
| 686 |
|
|
|2 rubbk
|a Т3(2)61
|
| 700 |
|
1 |
|a Голинков
|b Д. Л.
|g Давид Львович
|
| 801 |
|
0 |
|a RU
|b 63413507
|c 20260508
|
| 830 |
|
|
|a Ретро2026Каталогизация
|
| 850 |
|
|
|a 63413507
|
| 942 |
|
|
|c BK
|